000 00596nam a2200229Ia 4500
008 101110s9999 xx 000 0 und d
041 _aENGLISH
082 _bSR25163
100 _aDesai Vasant
245 _aManagement of a small-scale industry
260 _c1996
_bHimalaya Publications/Mumbai
300 _a523
365 _b125
520 _aCommerce
520 _aDonated by A.B. Mulani
546 _aENGLISH
630 _aManagement of a small-scale industry
650 _aCommerce
655 _aCommerce
730 _aManagement of a small-scale industry
942 _cBOOK
999 _c817814
_d817811